Miller's antiques encyclopedia
Since it was first published in 1998, more than 110,000 copies have been sold. Today, a new generation of collectors, dealers and auctioneers continue to need this outstanding and accessible resource. This book covers from 18th century chairs to 20th century Barbie dolls, Art Deco sculpture to ancie...
Saved in:
| Other Authors: | |
|---|---|
| Format: | Book |
| Language: | English |
| Published: |
[London? New York
Miller's?] Distributed in the United States and Canada by Sterling Publ. Co.
2008
|
| Edition: | New ed.; rev. ed. |
| Subjects: | |
| Tags: |
Add Tag
No Tags, Be the first to tag this record!
|
| Call Number : | NK 28 .M55 2008 |
MARC
| LEADER | 00000cam a2200000 a 4500 | ||
|---|---|---|---|
| 001 | 26785 | ||
| 003 | MY-KLNDU | ||
| 005 | 20241218082127.0 | ||
| 008 | 150713 2008 nyua bi 000 0 eng d | ||
| 020 | |a 9781845334338 (hbk) | ||
| 039 | 9 | |a 201507130954 |b azraai |c 200911181349 |d VLOAD |c 200911181204 |d VLOAD |y 200910091800 |z VLOAD | |
| 040 | |a UPNM | ||
| 090 | |a NK 28 |b .M55 2008 | ||
| 245 | 0 | 0 | |a Miller's antiques encyclopedia |c general editor, Judith Miller |
| 246 | 3 | 0 | |a Antiques encyclopedia |
| 250 | |a New ed.; rev. ed. | ||
| 260 | |a [London? |b Miller's?] |a New York |b Distributed in the United States and Canada by Sterling Publ. Co. |c 2008 | ||
| 300 | |a 592 p. |b ill. |c 30 cm | ||
| 500 | |a "New edition"--Cover; "revised edition"--T.p. verso. | ||
| 504 | |a Includes bibliographical references and index | ||
| 520 | |a Since it was first published in 1998, more than 110,000 copies have been sold. Today, a new generation of collectors, dealers and auctioneers continue to need this outstanding and accessible resource. This book covers from 18th century chairs to 20th century Barbie dolls, Art Deco sculpture to ancient Chinese ceramics, and Native American rugs to toy robots. New sections featuring mid-century modern and postmodern design make it the ultimate authenticated reference. | ||
| 591 | |a 0000005965 |b 19/11/08 |c 0201-07 |d 1 |e RM246.4 |f 1 |g 246.4 |h INTRABAKTI SD.BHD. | ||
| 592 | |a IN04626 |b 02/06/09 |c RM110 |d 1 |e 110 | ||
| 650 | 0 | |a Antiques |v Encyclopedias | |
| 700 | 1 | |a Miller, Judith |d 1951- | |
| 999 | |a vtls000036909 |c 26785 |d 26785 | ||


